000 00697cam a22002531 4500
001 sa 65004895
003 DLC
005 20260227112133.0
008 890707s1963 ii 000 0 gujo
010 _asa 65004895
025 _aPL480:I-Gu-432
035 _a(OCoLC)19980169
040 _aDLC
_cWaU
_dTxU
_dDLC
042 _apremarc
043 _aa-ii---
050 0 0 _aHN687
_b.V9
100 1 _aVyāsa, Raviśaṅkara Sivaśaṅkara,
_d1884-
245 1 0 _aSarvodayanī saravāṇī.
250 _a2. ājatti.
260 _aĀmadāvada :
_bBālagoviṃda kuberadāshanī kaṃpanī,
_c1963
300 _a6, 88 p.
_c19 cm.
500 _aIn Gujarati.
651 0 _aIndia
_xSocial conditions.
999 _c63996
_d63996